Flora : enciclopedia salvat de la jardinería . tomo 10
Guardado en:
| Formato: | Libro |
|---|---|
| Publicado: |
Barcelona ; Salvat,
1982
|
| Materias: | |
| Etiquetas: |
Agregar Etiqueta
Sin Etiquetas, Sea el primero en etiquetar este registro!
|
| LEADER | 00666nam a22001935a 4500 | ||
|---|---|---|---|
| 001 | CEM.cems017456 | ||
| 005 | 20130319172032.0 | ||
| 008 | 130507s1982##################000#0#####d | ||
| 003 | CEMS | ||
| 020 | |a 8434537855 | ||
| 082 | 0 | 4 | |a 635.9 |
| 245 | 0 | 0 | |a Flora : |b enciclopedia salvat de la jardinería . tomo 10 |
| 260 | |a Barcelona ; Salvat, |c 1982 | ||
| 300 | |a 300 p. | ||
| 505 | 0 | |a Los desiertos -- Plantas xerofiticas : cactas y otras suculentas -- distribución y conformación -- Evolución -- Ciclo anual -- Cultivo hidropónico -- | |
| 653 | |a Desiertos | ||
| 653 | |a Cactus | ||
| 653 | |a Cactáceas | ||
| 859 | |a CEMS |b BIB. CEMS - Agricultura |h 635.9 |i F661 |p A1157.10 |t Ej.1 |v X |3 X | ||
